000 00695cab a2200241 4500
001 ABS60490
008 090401t1999 xxu||||| |||| 00| 0 eng d
035 _a(Sirsi) u93165
041 _aeng
100 _aCarroll, C.
245 _aNesting instinct
260 _c1999
350 _a0
490 _aInside Housing
_v23 April 1999, 16-17(2)
650 _aMANAGEMENT-BUSINESS MANAGEMENT-DISCRIMINATION-DISABILITY DISCRIMINATION-ACCESSIBILITY
650 _aMANAGEMENT-BUSINESS MANAGEMENT-DISCRIMINATION-DISABILITY DISCRIMINATION-ACCESSIBILITY
650 _aLIFETIME HOMES
650 _aLIFETIME HOUSES
650 _aPART M
690 _aHOUSING
942 _n0
948 _c06/05/1999
999 _c59043
_d59043